Normal view
MARC view
Entry Topical Term
001 - CONTROL NUMBER
- control field: 1658
003 - CONTROL NUMBER IDENTIFIER
- control field: OSt
005 - DATE AND TIME OF LATEST TRANSACTION
- control field: 20141030153647.0
008 - FIXED-LENGTH DATA ELEMENTS
- fixed length control field: 141030|| aca||aabn | a|a d
040 ## - CATALOGING SOURCE
- Original cataloging agency: OSt
- Transcribing agency: OSt
150 ## - HEADING--TOPICAL TERM
- Topical term or geographic name entry element: Pharmaceutical biotechnology.
670 ## - SOURCE DATA FOUND
- Source citation: Work cat.: (OSt)632: Klefenz, Heinrich. 1657, Industrial pharmaceutical biotechnology /, c2002.
